banner-ar

The world almanac and book of facts, 2009 / (Record no. 60602)

MARC details
000 -الفاتح
حقل البيانات ثابتة الطول 00972nam a22002537a 4500
005 - وقت وتاريخ اخر تعامل مع التسجيلة
رقم الضبط 20240530110418.0
008 - عناصر البيانات ثابتة الطول - معلومات عامة
حقل البيانات ثابتة الطول 150309s2009 ny ab g s 001 0 eng d
020 ## - الرقم الدولى المعيارى للكتب
الرقم الدولى المعيارى للكتاب 9781600571053
035 ## - رقم ضبط النظام
رقم ضبط النظام (IMchF)fol11928342
040 ## - مصدر الفهرسة
وكالة الفهرسة الأصلية EG-CaGPL
وكالة النسخ EG-CaGPL
082 04 - رقم تصنيف ديوى العشرى
رقم الطبعة 21
رقم التصنيف 030.909
رقم المادة G REF/J W
245 04 - بيان العنوان
العنوان The world almanac and book of facts, 2009 /
بيان المسئوليه,etc [editor-in-chief, C. Alan Joyce].
260 ## - PUBLICATION, DISTRIBUTION, ETC. (IMPRINT)
تاريخ النشر أو التوزيع c2009.
300 ## - الوصف المادى
التعداد 1008 p. :
تفاصيل ماديه اخرى للوعاء ill. (some col.), maps (some col.) ;
أبعاد الوعاء 21 cm.
500 ## - تبصرة عامة
تبصرة عامة Includes indexes.
650 #7 - المدخل الاضافى بالموضوع-مصطلح موضوعى
مصطلح موضوعي Almanacs.
650 #7 - المدخل الاضافى بالموضوع-مصطلح موضوعى
مصطلح موضوعي Statistics.
651 #4 - المدخل الاضافى بالموضوع - اسم جغرافى
مصدر الرأس أو المصطلح United States
التقسيم الفرعي الشكلي Statistics.
700 1# - المدخل الاضافى - اسم شخصى
الإسم الشخصى Joyce, C. Alan.
942 ## - عناصر المدخل الإضافي( كوها)
مصدر التصنيف او مخطط الترفيف Dewey Decimal Classification
Koha [default] item type المراجع
260 ## - PUBLICATION, DISTRIBUTION, ETC. (IMPRINT)
-- New York :
-- World Almanac,
520 ## - التبصرة الخاصة بالتعليق أو التلخيص
ملخص,الخ Contains thousands of facts and statistics on a variety of subjects, such as science, economics, sports, arts, and media; and includes information on the 2008 Beijing Olympics and presidential election.
521 2# - تبصرة الجمهور المستهدف
تبصرة الجمهور المستهدف Young Adult
المصدر Follett Library Resources
Holdings
حالة التراجع حالة الفقد مصدر التصنيف او خطة الترفيف حالة تلف ليس للاعارة المكان المؤقت الموقع الحالى تاريخ الاكتساب اجمالي اﻻعارات رقم الطلب الباركود تاريخ اخر مشاهدة تاريخ تفعيل السعر نوع وعاء كوها
    ddc     مكتبة القاهرة الكبرى مكتبة القاهرة الكبرى 03/09/2015   030.909 G REF/J W 159701 03/09/2015 03/09/2015 المراجع

Powered By

EGPV